Üdvözlet Kassáról Mária szobor : Rank Herlány : Erzsébet székes egyhaz : Szt. Mihály kápolna : Szinház

Zobrazenie: Päť čiastkových pohľadov v ozdobnom orámovaní s kvetinovými ornamentami na bielom podklade. Pohľad na morový stĺp zblízka. Pohľad na kúpele Herľany s gejzírom uprostred. Pohľad na Dóm sv. Alžbety. Pohľad na kaplnku sv. Michala a budova vpravo v pozadí za ním. Pohľad na Národné divadlo...

Celý popis

Podrobná bibliografia
Médium: Fotografia
Jazyk:maďarčina
Fyzický popis:1 pohľadnica (5 čiastkových pohľadov) kolorovaná 9 x 15 cm
Vydavateľské údaje: [Slovensko?] W. G. [1898?]
Predmet:

MARC

LEADER 00000nkm a2200000 a 4500
001 vtls011884797
003 SK-MaSNL
005 20260302022708.0
007 kf ho
008 230706n1898 xo g kuhun
015 |a SNBG1898 
035 |a urn:nbn:sk:snk-km00ea6h 
035 |a urn:nbn:sk:snk-km43gzq 
035 |a 68160279-401F-4F3F-AF77-04E9D53D25A3 
040 |a SNK  |b slo  |c SNK  |e AACR2 
041 0 |a hun 
043 |a e-xo--- 
044 |a xo  |c SK 
072 7 |a 913  |x Regionálna geografia  |2 konspekt 
080 |a 913(437.6)  |2 2011 
080 |a 725.942  |2 2011 
080 |a 551.23  |2 2011 
080 |a 726:27-523.41  |2 2011 
080 |a 726:27-523.43  |2 2011 
080 |a 792.05  |2 2011 
080 |a 94(084.121)  |2 2011 
245 0 0 |a Üdvözlet Kassáról  |h grafika  |b Mária szobor : Rank Herlány : Erzsébet székes egyhaz : Szt. Mihály kápolna : Szinház 
260 |a [Slovensko?]  |b W. G.  |c [1898?] 
300 |a 1 pohľadnica (5 čiastkových pohľadov)  |b kolorovaná  |c 9 x 15 cm 
500 |a Názvové údaje prevzaté z obrazovej časti pohľadnice 
520 8 |a Zobrazenie: Päť čiastkových pohľadov v ozdobnom orámovaní s kvetinovými ornamentami na bielom podklade. Pohľad na morový stĺp zblízka. Pohľad na kúpele Herľany s gejzírom uprostred. Pohľad na Dóm sv. Alžbety. Pohľad na kaplnku sv. Michala a budova vpravo v pozadí za ním. Pohľad na Národné divadlo 
610 2 7 |a Dóm sv. Alžbety (Košice, Slovensko)  |2 SNKKA  |9 34070 
610 2 7 |a Kaplnka sv. Michala (Košice, Slovensko)  |2 SNKKA  |9 173711 
610 2 7 |a Národné divadlo v Košiciach  |2 SNKKA  |9 35765 
650 0 7 |a morové stĺpy  |2 SNKPH  |9 99210 
650 0 7 |a Mariánsky stĺp (Košice, Slovensko)  |2 SNKPH  |9 31267 
650 0 7 |a gejzíry  |2 SNKPH  |9 30753 
650 0 7 |a katedrály  |2 SNKPH  |9 3032 
650 0 7 |a kaplnky  |2 SNKPH  |9 3026 
650 0 7 |a divadlá  |2 SNKPH  |9 29113 
651 7 |a Košice (Slovensko)  |2 SNKPHgeo  |9 18694 
651 7 |a Herľany (Slovensko)  |2 SNKPHgeo  |9 56235 
655 7 |a miestne pohľadnice  |2 SNKPH  |9 70510 
655 7 |a historické pohľadnice  |2 SNKPH  |9 159703 
852 |a Slovenská národná knižnica 
958 |a GBN 
958 |a GC 
958 |a ONDV 
999 |c 1033787  |d 1035717 
952 |a SNK  |b SNK  |y PREZ  |7 0  |p 17A1283274  |o snkSP 99692  |z Pohľadnica prešla poštou.  |0 0  |1 0  |4 0  |d 2019-09-03  |f 1  |l 0  |r 2026-02-24 14:01:44  |w 2026-02-24